[Event "National Open"]
[Site "Las Vegas USA"]
[Date "2010.06.13"]
[Round "5"]
[White "Small,G"]
[Black "Sevillano,E"]
[Result "0-1"]
[WhiteElo "2234"]
[BlackElo "2507"]
[EventDate "2010.06.11"]

1. c4 Nf6 2. g3 e6 3. Bg2 d5 4. Nf3 c6 5. Qc2 Bd6 6. d4 O-O 7. Nbd2 Nbd7 8.
O-O Re8 9. e4 dxe4 10. Nxe4 Nxe4 11. Qxe4 e5 12. Re1 Nf6 13. Qh4 e4 14. Ng5
Bf5 15. c5 Bc7 16. Bd2 Qd5 17. Bf4 Bxf4 18. Qxf4 h6 19. Nh3 Qd7 20. Qh4
Qxd4 0-1

[Event "National Open"]
[Site "Las Vegas USA"]
[Date "2010.06.13"]
[Round "5"]
[White "Yanayt,E"]
[Black "Andrianov,Nikolai"]
[Result "1/2-1/2"]
[WhiteElo "2169"]
[BlackElo "2409"]
[EventDate "2010.06.11"]

1. e4 c5 2. Nf3 Nc6 3. d4 cxd4 4. Nxd4 Nf6 5. Nc3 d6 6. Bg5 e6 7. Qd2 h6 8.
Be3 Ng4 9. Nxc6 bxc6 10. Bf4 e5 11. Bg3 Be7 12. Bc4 O-O 13. O-O 1/2-1/2

[Event "National Open"]
[Site "Las Vegas USA"]
[Date "2010.06.13"]
[Round "5"]
[White "Liu,E"]
[Black "Tanaka,C"]
[Result "0-1"]
[WhiteElo "2305"]
[BlackElo "2130"]
[EventDate "2010.06.11"]

1. d4 Nf6 2. Nf3 g6 3. c4 Bg7 4. Nc3 O-O 5. e4 d6 6. Be2 Nc6 7. O-O e5 8.
d5 Ne7 9. Ne1 Nd7 10. Bd2 f5 11. Nd3 c5 12. f4 a6 13. a4 b6 14. exf5 Nxf5
15. Ne4 exf4 16. Nxf4 Bd4+ 17. Kh1 Ne5 18. Qb3 Rb8 19. g4 Ng7 20. Qg3 Qe7
21. Rae1 Bd7 22. b3 b5 23. axb5 axb5 24. Ng2 Rxf1+ 25. Rxf1 Nf7 26. Qf4
bxc4 27. Bxc4 Rf8 28. h3 Ne8 29. Bc3 Bxc3 30. Nxc3 Kg7 31. Ne3 Nf6 32. Kg2
h6 33. Qg3 Ne5 34. Be2 Rb8 35. Bd1 Rb4 36. Bc2 h5 37. g5 Ne8 38. Ne4 Bb5
39. Rf2 Bd3 40. Nf6 Rd4 41. Nxh5+ Kh8 42. Nf4 Be4+ 43. Bxe4 Rxe4 44. Ne6
Ng7 45. Nf4 Kg8 46. h4 Qd7 47. Nc4 Nxc4 48. bxc4 Rxc4 49. Kh2 Nh5 50. Nxh5
gxh5 51. Rf6 Qa4 52. Rg6+ Kh7 53. Rh6+ Kg7 54. Rxh5 Rc2+ 55. Kh3 Qd7+ 0-1

[Event "National Open"]
[Site "Las Vegas USA"]
[Date "2010.06.13"]
[Round "5"]
[White "Abrahamyan,T"]
[Black "Serpik,I"]
[Result "1-0"]
[WhiteElo "2290"]
[BlackElo "2210"]
[EventDate "2010.06.11"]

1. e4 c5 2. Nf3 Nc6 3. d4 cxd4 4. Nxd4 e5 5. Nb5 a6 6. Nd6+ Bxd6 7. Qxd6
Qe7 8. Qd1 Nf6 9. Nc3 h6 10. a3 d6 11. Be2 O-O 12. Be3 b5 13. O-O Bb7 14.
a4 b4 15. Nd5 Nxd5 16. exd5 Nd4 17. Bxd4 exd4 18. Bf3 Qf6 19. a5 Rac8 20.
Qd2 Rc4 21. Ra4 Rfc8 22. Rxb4 Rxc2 23. Qd3 Qe7 24. Qb3 Rc1 25. Bd1 Ba8 26.
Rxd4 Qe5 27. Qd3 R1c5 28. b4 Rc3 29. Qd2 Rc1 30. Re1 Qf6 31. Rde4 Qa1 32.
h3 Kh7 33. Kh2 Qb1 34. Bg4 R8c7 35. Bf5+ g6 36. Rh4 Qa1 37. Qxh6+ Kg8 38.
Re8+ 1-0

[Event "National Open"]
[Site "Las Vegas USA"]
[Date "2010.06.13"]
[Round "5"]
[White "Moussa,A"]
[Black "Barnett,A"]
[Result "0-1"]
[WhiteElo "2205"]
[BlackElo "2246"]
[EventDate "2010.06.11"]

1. d4 Nf6 2. c4 e6 3. Nf3 Bb4+ 4. Bd2 Qe7 5. g3 Nc6 6. Bg2 O-O 7. O-O Bxd2
8. Qxd2 d6 9. Nc3 e5 10. d5 Nb8 11. e4 a5 12. Ne1 Na6 13. Nd3 Nd7 14. Rae1
Ndc5 15. f4 f6 16. f5 Bd7 17. g4 Rfb8 18. Re3 b5 19. b3 bxc4 20. bxc4 Nxd3
21. Rxd3 Rb4 22. Rg3 Rxc4 23. g5 Rd4 24. Qc1 Nc5 25. Rff3 fxg5 26. h4 g4
27. Rxg4 Rf8 28. Rfg3 Rf7 29. Bf1 h5 30. Rg5 Nxe4 31. Nxe4 Rxe4 32. Qxc7
Rf4 33. Be2 R4xf5 34. Qb8+ Qf8 35. Qxf8+ Kxf8 36. Bxh5 Rf1+ 37. Kh2 R7f2+
38. Rg2 Rxg2+ 39. Rxg2 Rf4 40. Kg3 Bf5 41. Rb2 g6 42. Bf3 Rd4 43. Rb5 Rd3
44. Kf2 Rd2+ 45. Ke3 Rxa2 46. Rb6 Ke7 47. Rb7+ Kf6 48. Rb6 Ra3+ 49. Kf2 e4
0-1

[Event "National Open"]
[Site "Las Vegas USA"]
[Date "2010.06.13"]
[Round "5"]
[White "Graves,Pe USA"]
[Black "Ruge,E"]
[Result "0-1"]
[WhiteElo "2196"]
[BlackElo "2268"]
[EventDate "2010.06.11"]

1. Nf3 Nf6 2. c4 g6 3. Nc3 Bg7 4. e4 d6 5. d4 O-O 6. Be2 e5 7. O-O Nc6 8.
d5 Ne7 9. Ne1 Ne8 10. f3 f5 11. g4 h6 12. h4 Kh7 13. Kh1 Ng8 14. g5 f4 15.
Rg1 hxg5 16. hxg5 Bh6 17. Rg2 Bxg5 18. Rh2+ Nh6 19. Ng2 Ng7 20. Bd2 Nh5 21.
Be1 Kg7 22. Bd3 Ng3+ 23. Kg1 Rh8 24. Ne2 Ng4 25. Nxg3 Nxh2 26. Nh1 Rh3 27.
Be2 Qh8 28. Nf2 Rg3 29. Nh1 Rh3 30. Nf2 Rh5 31. c5 Bh4 32. cxd6 Bxf2+ 33.
Kxf2 Bh3 34. Rc1 Bxg2 35. Rxc7+ Kf6 36. Qc1 Rg5 37. Rf7+ Kxf7 38. Qc7+ Kg8
0-1

[Event "National Open"]
[Site "Las Vegas USA"]
[Date "2010.06.13"]
[Round "5"]
[White "Eckert,D"]
[Black "Alvarez,Er USA"]
[Result "1-0"]
[WhiteElo "2240"]
[BlackElo "2258"]
[EventDate "2010.06.11"]

1. d4 Nf6 2. c4 g6 3. g3 Bg7 4. Bg2 d6 5. Nf3 O-O 6. O-O Nbd7 7. Nc3 e5 8.
e4 a5 9. h3 Re8 10. Re1 c6 11. Rb1 exd4 12. Nxd4 Nb6 13. b3 d5 14. cxd5
cxd5 15. exd5 Rxe1+ 16. Qxe1 Nfxd5 17. Nxd5 Nxd5 18. Bb2 Nc7 19. Rd1 Qf8
20. Qd2 a4 21. Qc1 Ne6 22. Nxe6 Bxb2 23. Qxb2 Bxe6 24. bxa4 Rd8 25. Rxd8
Qxd8 26. Qxb7 Qd1+ 27. Kh2 Qxa4 28. Qb8+ Kg7 29. Qb2+ Kg8 30. a3 Bb3 31.
Qc3 h5 32. Qb4 Kg7 33. Qxa4 Bxa4 34. h4 f6 35. Bd5 Kh6 36. Kg2 Kg7 37. Kf3
g5 38. Be4 Kf7 39. Ke3 Kg7 40. Kd4 Kf7 41. Bf5 1-0

[Event "National Open"]
[Site "Las Vegas USA"]
[Date "2010.06.13"]
[Round "5"]
[White "Dean,J"]
[Black "Gallegos,P"]
[Result "1-0"]
[WhiteElo "2235"]
[BlackElo "2099"]
[EventDate "2010.06.11"]

1. d4 Nf6 2. c4 g6 3. Nc3 Bg7 4. Nf3 O-O 5. Bg5 h6 6. Bh4 c5 7. d5 d6 8. e3
Qa5 9. Nd2 a6 10. a4 e6 11. Ra3 exd5 12. cxd5 Qc7 13. Nc4 Re8 14. Be2 Nbd7
15. Bg3 Bf8 16. a5 b5 17. axb6 Nxb6 18. Na5 Bd7 19. O-O Ne4 20. Nxe4 Rxe4
21. Nc6 Bxc6 22. dxc6 Rb4 23. Bf3 Rxb2 24. Qa1 Nc4 25. Ra4 Rb4 26. Rxb4
cxb4 27. Qd4 Ne5 28. Bd5 a5 29. f4 Nxc6 30. Qe4 Rc8 31. Qxg6+ Kh8 32. Bxf7
Bg7 33. f5 Rf8 34. f6 Rxf7 35. fxg7+ Kg8 36. Rxf7 Qxf7 37. Qxd6 Ne7 38. Be5
Kh7 39. Qd8 Ng8 40. Qxa5 Qf5 41. Qa1 Ne7 42. h3 Qc2 43. Kh2 b3 44. Qa7 Ng8
45. Qb8 Qc4 46. Bd4 Qd5 47. Qb4 h5 48. Qc3 Ne7 49. Qc7 Ng8 50. Qb8 Kg6 51.
Qe8+ Kh7 52. Be5 Qd1 53. Qf7 h4 54. Qf5+ Kh6 55. Qf4+ Kg6 56. Qe4+ Kh6 57.
Qxh4+ Qh5 58. Qf4+ Kh7 59. e4 Ne7 60. Qf6 Ng8 61. Qf5+ Qg6 62. Qxg6+ Kxg6
63. Kg3 Kf7 64. Kf4 Ne7 65. Ba1 Nc6 66. Kg5 Nd8 67. Kh6 Kg8 68. h4 Ne6 69.
h5 Nf4 70. g4 Nh3 71. Kg6 Nf4+ 72. Kf6 Nd3 73. h6 Nc5 74. h7+ Kxh7 75. Kf7
1-0

[Event "National Open"]
[Site "Las Vegas USA"]
[Date "2010.06.13"]
[Round "5"]
[White "Wallach,K"]
[Black "Ramer,S"]
[Result "1/2-1/2"]
[WhiteElo "2166"]
[BlackElo "2223"]
[EventDate "2010.06.11"]

1. e4 c5 2. Nc3 Nc6 3. f4 g6 4. Nf3 Bg7 5. Bb5 Nd4 6. O-O a6 7. Bc4 b5 8.
Bd5 Rb8 9. e5 e6 10. Be4 d5 11. exd6 Qxd6 12. Nxd4 cxd4 13. Ne2 Nf6 14. Bf3
d3 15. cxd3 O-O 16. d4 Nd5 17. d3 Bb7 18. Bd2 Qb6 19. Kh1 Rfd8 20. Qe1 b4
21. a3 a5 22. axb4 axb4 23. Qf2 Ne7 24. Be4 Ra8 25. Be3 Bd5 26. Ng1 Qb7 27.
Bxd5 Qxd5 28. Nf3 Nf5 29. Ne5 Qb3 30. Rxa8 Rxa8 31. Qf3 Rf8 32. g4 Nxe3 33.
Qxe3 Qxb2 34. f5 exf5 35. gxf5 Qa2 36. f6 Bh8 37. Qe4 b3 38. Nxf7 Bxf6 39.
Rxf6 Qa8 40. Qxa8 Rxa8 41. Rb6 Kxf7 1/2-1/2

[Event "National Open"]
[Site "Las Vegas USA"]
[Date "2010.06.13"]
[Round "5"]
[White "Foisor,S"]
[Black "Kekelidze,M"]
[Result "0-1"]
[WhiteElo "2302"]
[BlackElo "2436"]
[EventDate "2010.06.11"]

1. d4 Nf6 2. c4 c5 3. d5 g6 4. Nc3 d6 5. Nf3 Bg7 6. Nd2 O-O 7. e4 e6 8. Be2
Na6 9. O-O Nc7 10. f4 exd5 11. cxd5 Re8 12. a4 a6 13. Bf3 h5 14. Nc4 Ng4
15. Ne2 b5 16. Nb6 Rb8 17. a5 Na8 18. Nxc8 Rxc8 19. h3 Nf6 20. e5 dxe5 21.
fxe5 Rxe5 22. Bf4 Rxd5 23. Bxd5 Nxd5 24. Qd2 Nxf4 25. Qxf4 Qc7 26. Nc3 Qxf4
27. Rxf4 Nc7 28. Rd1 Ne6 29. Re4 Bd4+ 30. Kf1 Kg7 31. Rd2 Rc6 32. Ne2 Bf6
33. b3 Bg5 34. Rd5 f5 35. Rxe6 Rxe6 36. Rxc5 Be3 37. Rc7+ Kf6 38. Nc3 Rd6
39. Ke2 Bf4 40. Rb7 Bd2 41. Rc7 Bf4 42. Rb7 Rd2+ 43. Kf1 Rd3 44. Rb6+ Ke7
45. Rb7+ Kf8 46. Nxb5 Rxb3 47. Nd6 Re3 48. Nc4 Re4 49. Nb6 Re6 50. Kf2 Bd2
51. Nc4 Bc3 52. Rc7 h4 53. Kf3 Ke8 54. Nd6+ Rxd6 55. Rxc3 Kf7 56. Rc5 Kf6
57. Kf4 Re6 58. Rc8 Rd6 59. Rf8+ Kg7 60. Rb8 Rd2 61. Rb6 Rxg2 62. Rxa6 Rg3
63. Ra7+ Kf6 64. Ra6+ Kg7 65. Ra7+ Kh6 66. Ra8 Rxh3 67. a6 Ra3 68. Rh8+ Kg7
69. Ra8 Ra4+ 70. Ke5 h3 71. Ra7+ Kh6 72. Kf6 h2 73. Ra8 Rxa6+ 0-1

[Event "National Open"]
[Site "Las Vegas USA"]
[Date "2010.06.13"]
[Round "6"]
[White "Kekelidze,M"]
[Black "Lenderman,A"]
[Result "0-1"]
[WhiteElo "2436"]
[BlackElo "2598"]
[EventDate "2010.06.11"]

1. d4 Nf6 2. c4 g6 3. f3 Bg7 4. e4 d6 5. Ne2 O-O 6. Be3 c5 7. d5 b5 8. cxb5
a6 9. Nec3 Ne8 10. a4 axb5 11. Bxb5 Nc7 12. Nd2 Ba6 13. O-O Qc8 14. Nc4 Qb7
15. Bxa6 Rxa6 16. a5 Nd7 17. Qa4 Ne5 18. Nxe5 Bxe5 19. f4 Bg7 20. Rf2 Rb8
21. Raf1 Qa7 22. e5 Rxa5 23. Qd1 Ne8 24. Qf3 e6 25. dxe6 fxe6 26. Ne4 d5
27. Ng5 Qd7 28. Qh3 h6 29. Qxe6+ Qxe6 30. Nxe6 d4 31. Bd2 Rab5 32. b4 cxb4
33. Nxd4 R5b6 34. Nb3 Nc7 35. Be3 Ra6 36. Bd4 Ra3 37. Rf3 Ne6 38. Rb1 g5
39. g3 g4 40. Rd3 Rd8 41. Rbd1 Rxb3 42. Rxb3 Bf8 43. Kg2 Rxd4 44. Rbd3 Bc5
45. Rxd4 Nxd4 46. Rc1 Bb6 47. Rc4 b3 48. Rb4 Bc5 49. Rb7 Ba3 50. f5 b2 51.
f6 Nc6 52. e6 Bb4 53. Rg7+ Kh8 54. Rxg4 b1=Q 55. f7 Qf5 0-1

[Event "National Open"]
[Site "Las Vegas USA"]
[Date "2010.06.13"]
[Round "6"]
[White "Gutman,J"]
[Black "Ramirez,Alej"]
[Result "0-1"]
[WhiteElo "2135"]
[BlackElo "2556"]
[EventDate "2010.06.11"]

1. d4 Nf6 2. c4 e5 3. dxe5 Ng4 4. Nf3 Bc5 5. e3 Nc6 6. a3 a5 7. Nc3 Ngxe5
8. Nxe5 Nxe5 9. Ne4 Ba7 10. h4 d6 11. Be2 Qe7 12. Ng5 Bd7 13. Bd2 Bc6 14.
Nf3 O-O 15. Bc3 f5 16. Nxe5 dxe5 17. Bf3 Rad8 18. Qc2 e4 19. Be2 f4 20. Bd2
fxe3 21. fxe3 Qe5 22. O-O-O Rf2 23. c5 Qxc5 24. Bc3 Qxe3+ 25. Kb1 Rxd1+ 26.
Rxd1 Qxe2 0-1

[Event "National Open"]
[Site "Las Vegas USA"]
[Date "2010.06.13"]
[Round "6"]
[White "Fridman,D2"]
[Black "Sevillano,E"]
[Result "1-0"]
[WhiteElo "2654"]
[BlackElo "2507"]
[EventDate "2010.06.11"]

1. d4 Nf6 2. c4 e6 3. Nf3 d5 4. g3 dxc4 5. Bg2 Bd7 6. Ne5 Bc6 7. Nxc6 Nxc6
8. Qa4 Bb4+ 9. Bd2 Nd5 10. Bxb4 Ndxb4 11. a3 Nd5 12. Qxc4 O-O 13. e3 Nce7
14. O-O c6 15. Qc2 Nf5 16. Re1 Rc8 17. Nd2 Nb6 18. b4 Qe7 19. Nb3 Nd6 20.
e4 Rcd8 21. a4 e5 22. dxe5 Qxe5 23. f4 Qe7 24. Nc5 Ne8 25. a5 Nc8 26. e5 g6
27. a6 bxa6 28. Bxc6 Nc7 29. f5 Nd5 30. Qe4 Ncb6 31. f6 Qc7 32. Bxd5 Nxd5
33. Qh4 Kh8 34. Re4 g5 35. Qxg5 Rg8 36. Qh5 Nxb4 37. Rc1 1-0

[Event "National Open"]
[Site "Las Vegas USA"]
[Date "2010.06.13"]
[Round "6"]
[White "Kacheishvili,G"]
[Black "Foisor,C"]
[Result "1/2-1/2"]
[WhiteElo "2587"]
[BlackElo "2401"]
[EventDate "2010.06.11"]

1. d4 d5 2. Nf3 Nf6 3. c4 c6 4. Nc3 g6 5. e3 Bg7 6. cxd5 Nxd5 7. Bc4 O-O 8.
O-O Nc7 9. h3 Nd7 10. Qc2 e5 11. Rd1 exd4 12. Nxd4 Qe7 13. Bf1 Nb6 14. e4
Ne6 15. Nf3 Bd7 16. Be3 Rfd8 17. a4 Be8 18. a5 Rxd1 19. Rxd1 Nd7 20. Na4
Ne5 21. Nd4 Nxd4 22. Bxd4 Nd7 23. Be3 h5 24. Nc5 Nf6 25. Bf4 b5 26. Bd6 Qd8
27. b4 Qc8 28. g3 Nd7 29. f4 Nxc5 30. Qxc5 Qe6 31. e5 Bd7 32. Qf2 Qb3 33.
Rd3 Qb1 34. Kh2 Be6 35. Rc3 Bd5 36. Bg2 Rd8 37. Qc2 Qxc2 38. Rxc2 Bf8 39.
Bxd5 cxd5 40. Rc6 d4 41. Kg2 Bxd6 42. exd6 f5 43. Kf2 Kf7 44. Ke2 Ke6 45.
Kd3 Kd5 46. Rc7 Kxd6 47. Rxa7 Rc8 48. Rb7 Rc3+ 49. Kxd4 Rc4+ 50. Kd3 Rxb4
51. Kc3 Rb1 52. Rb6+ Kc5 53. Rxg6 b4+ 54. Kc2 Ra1 55. Rf6 Kc4 56. Rxf5 Ra2+
57. Kb1 Rg2 58. a6 Rg1+ 59. Kb2 Rg2+ 60. Kc1 Rg1+ 61. Kd2 Rg2+ 62. Ke3
Rxg3+ 63. Ke4 b3 64. Rf8 b2 65. Rc8+ Kb3 66. Ke5 b1=Q 67. Rb8+ Kc2 68. Rxb1
Kxb1 69. f5 Ra3 70. Kf4 Rxa6 71. Kg5 Kc2 72. f6 Kd3 73. f7 Ra8 74. Kxh5 Ke4
75. Kg6 Ke5 76. Kg7 Kf5 1/2-1/2

[Event "National Open"]
[Site "Las Vegas USA"]
[Date "2010.06.13"]
[Round "6"]
[White "Matikozian,A"]
[Black "Haessel,D"]
[Result "1-0"]
[WhiteElo "2494"]
[BlackElo "2207"]
[EventDate "2010.06.11"]

1. e4 e5 2. Nf3 Nf6 3. Nxe5 d6 4. Nf3 Nxe4 5. Nc3 Nxc3 6. dxc3 Be7 7. Bf4
Nc6 8. Qd2 Be6 9. O-O-O Qd7 10. Kb1 a6 11. h4 h6 12. Be2 O-O-O 13. Nd4 Nxd4
14. cxd4 d5 15. h5 Bf6 16. Qa5 Bf5 17. g4 Rde8 18. Bb5 c6 19. gxf5 Bd8 20.
Qxa6 bxa6 21. Bxa6+ Qb7 22. Bxb7+ Kxb7 23. Rhe1 Bh4 24. Bg3 Bf6 25. c3 Kc8
26. b4 Kd7 27. a4 Ra8 28. a5 1-0

[Event "National Open"]
[Site "Las Vegas USA"]
[Date "2010.06.13"]
[Round "6"]
[White "Hermansen,R"]
[Black "Gonzalez,Ren"]
[Result "0-1"]
[WhiteElo "2219"]
[BlackElo "2485"]
[EventDate "2010.06.11"]

1. e4 d5 2. exd5 Qxd5 3. Nc3 Qa5 4. Bc4 Nf6 5. d3 c6 6. Nge2 g6 7. Bd2 Qc7
8. Bg5 Bg7 9. Qd2 Nbd7 10. d4 b5 11. Bd3 Bb7 12. O-O O-O 13. Ne4 Nxe4 14.
Bxe4 e5 15. c3 f5 16. Bc2 c5 17. Bh6 f4 18. Bxg7 Kxg7 19. f3 Rad8 20. Rf2
Nb6 21. Bd3 a6 22. Rc1 g5 23. Qc2 h6 24. dxc5 Qxc5 25. Be4 Bxe4 26. Qxe4
Nc4 27. b4 Qb6 28. a4 Rd2 29. a5 Qa7 30. Rcf1 Rfd8 31. h4 Qe3 32. hxg5 Qxe4
33. gxh6+ Kxh6 34. fxe4 Ne3 35. Nd4 Nxf1 0-1

[Event "National Open"]
[Site "Las Vegas USA"]
[Date "2010.06.13"]
[Round "6"]
[White "Andrianov,Nikolai"]
[Black "Dean,J"]
[Result "1/2-1/2"]
[WhiteElo "2409"]
[BlackElo "2235"]
[EventDate "2010.06.11"]

1. d4 d5 2. Nf3 Nf6 3. c4 e6 4. g3 dxc4 5. Qa4+ Nc6 6. Qxc4 Qd5 7. Qxd5
exd5 8. Bg2 Bg4 9. Be3 Bb4+ 10. Nc3 O-O 11. O-O Rfe8 12. Rfc1 a6 13. h3 Bf5
1/2-1/2

[Event "National Open"]
[Site "Las Vegas USA"]
[Date "2010.06.13"]
[Round "6"]
[White "Tanaka,C"]
[Black "Abrahamyan,T"]
[Result "0-1"]
[WhiteElo "2130"]
[BlackElo "2290"]
[EventDate "2010.06.11"]

1. d4 Nf6 2. c4 c5 3. d5 b5 4. cxb5 a6 5. b6 g6 6. Nc3 d6 7. e4 Bg7 8. Be2
O-O 9. Nf3 Nbd7 10. O-O Nxb6 11. a4 Rb8 12. a5 Na8 13. Nd2 Nc7 14. Na4 Bd7
15. Nb6 Bb5 16. Re1 Nd7 17. Ndc4 Bxc4 18. Nxc4 Nb5 19. Be3 Qc7 20. Qd2 Nd4
21. Bxd4 Bxd4 22. Ra3 f5 23. exf5 Rxf5 24. Rf3 Rxf3 25. Bxf3 Ne5 26. Nxe5
Rxb2 27. Qc1 dxe5 28. Re2 Rb4 29. Ra2 c4 30. Be4 c3 31. Qh6 c2 32. Bxc2 Qc4
33. Bxg6 hxg6 34. Qxg6+ Kf8 35. Qf5+ Ke8 36. Qg6+ Kd8 37. Qg8+ Kc7 38. g3
Kb7 39. Qe6 Qxa2 40. Qxe7+ Ka8 41. Qe8+ Ka7 42. Qe7+ Rb7 43. Qf8 Qxd5 44.
Qf5 Rb2 0-1

[Event "National Open"]
[Site "Las Vegas USA"]
[Date "2010.06.13"]
[Round "6"]
[White "Haskel,J"]
[Black "Ruge,E"]
[Result "0-1"]
[WhiteElo "2241"]
[BlackElo "2268"]
[EventDate "2010.06.11"]

1. d4 Nf6 2. c4 g6 3. Nc3 Bg7 4. e4 d6 5. Bg5 h6 6. Be3 Ng4 7. Bc1 e5 8. d5
f5 9. Nf3 O-O 10. Bd3 Na6 11. Bc2 Nc5 12. b4 Nxe4 13. Nxe4 fxe4 14. Bxe4
Bf5 15. Qd3 Qe8 16. O-O Bxe4 17. Qxe4 Nf6 18. Qe2 Nh5 19. Nd2 Nf4 20. Qe4
g5 21. Bb2 Qh5 22. f3 Rf7 23. Rad1 g4 24. c5 Raf8 25. fxg4 Qxg4 26. Kh1 Qh5
27. Nf3 Nxg2 28. Kxg2 Rf4 29. Qe2 Qg4+ 30. Kh1 Rxf3 31. Rg1 Qf5 32. Qg2 Rf7
33. Rd2 Rf1 34. Rxf1 Qxf1+ 35. Qxf1 Rxf1+ 36. Kg2 Rf4 37. cxd6 cxd6 38. b5
Ra4 39. a3 Ra5 40. Kg3 Rxb5 41. Kg4 Kf7 42. Kh5 Rb3 43. Rc2 Rd3 44. Rc7+
Kf6 45. Rxb7 Rxd5 46. Rxa7 Rd2 47. Rb7 Rxh2+ 48. Kg4 Rc2 49. Rb4 h5+ 50.
Kxh5 Kf5 51. Kh4 Bh6 52. Kg3 Bf4+ 53. Kf3 d5 54. Bxe5 Bxe5 55. a4 Rc3+ 56.
Ke2 Ra3 0-1

[Event "National Open"]
[Site "Las Vegas USA"]
[Date "2010.06.13"]
[Round "6"]
[White "Kelley,D"]
[Black "Langer,M USA"]
[Result "0-1"]
[WhiteElo "2203"]
[BlackElo "2270"]
[EventDate "2010.06.11"]

1. d4 Nf6 2. c4 c5 3. d5 e6 4. Nc3 exd5 5. cxd5 d6 6. e4 g6 7. Bd3 Bg7 8.
h3 O-O 9. Nf3 b5 10. Bxb5 Nxe4 11. Nxe4 Qa5+ 12. Nfd2 Qxb5 13. Nxd6 Qa6 14.
N2c4 Nd7 15. O-O Ne5 16. Nxe5 Qxd6 17. Nc4 Qa6 18. Ne3 Rb8 19. Qc2 Bd4 20.
Rb1 f5 21. b3 f4 22. Ng4 h5 23. d6 Qxd6 24. Nh2 Bf5 25. Qc4+ Rf7 0-1

[Event "National Open"]
[Site "Las Vegas USA"]
[Date "2010.06.13"]
[Round "6"]
[White "Troff,Kayden"]
[Black "Small,G"]
[Result "1-0"]
[WhiteElo "2201"]
[BlackElo "2234"]
[EventDate "2010.06.11"]

1. d4 d5 2. Nf3 e6 3. c3 c5 4. Bg5 Be7 5. Bxe7 Qxe7 6. e3 Nd7 7. Bd3 Ngf6
8. Nbd2 O-O 9. O-O e5 10. Nxe5 Nxe5 11. dxe5 Qxe5 12. Qf3 Re8 13. Qg3 Qxg3
14. hxg3 Bd7 15. Nf3 Bc6 16. Rfd1 Rad8 17. a4 a5 18. Bc2 Ne4 19. Nd2 f5 20.
Nxe4 fxe4 21. Rd2 Rd7 22. Rad1 Red8 23. Bb3 Kf8 24. Kh2 Ke7 25. g4 Ke6 26.
f3 Ke5 27. f4+ Kf6 28. g5+ Kf5 29. Kh3 Ke6 30. g4 b5 31. axb5 Bxb5 32. Ra1
Ra7 33. c4 Bc6 34. cxd5+ Bxd5 35. Ra4 Rad7 36. Rxe4+ Kf7 37. Rxd5 Rxd5 38.
Re5 1-0

[Event "National Open"]
[Site "Las Vegas USA"]
[Date "2010.06.13"]
[Round "6"]
[White "Ramer,S"]
[Black "Liou,Y"]
[Result "1/2-1/2"]
[WhiteElo "2223"]
[BlackElo "2222"]
[EventDate "2010.06.11"]

1. d4 f5 2. c4 Nf6 3. g3 d6 4. Nf3 g6 5. Bg2 Bg7 6. O-O O-O 7. Nc3 Qe8 8.
d5 Na6 9. Rb1 Bd7 10. Be3 c6 11. b4 Nc7 12. Qb3 cxd5 13. cxd5 Nb5 14. Nxb5
Bxb5 15. Nd4 Qd7 16. Ne6 Rfc8 17. Nxg7 Kxg7 18. Qb2 a6 19. Rbc1 Rxc1 20.
Rxc1 Rc8 21. Bf3 Rc4 22. Rxc4 Bxc4 23. Bg5 h6 24. Bxf6+ exf6 25. a3 Qe7 26.
Qc3 b5 27. Qd4 h5 28. Kf1 Kh6 29. Qf4+ Kg7 30. Qd4 Kh6 31. Qb6 g5 32. Qb8
g4 33. Qh8+ Kg6 34. Qg8+ Kh6 1/2-1/2

[Event "National Open"]
[Site "Las Vegas USA"]
[Date "2010.06.13"]
[Round "6"]
[White "Chiang,S"]
[Black "Kavutskiy,K"]
[Result "0-1"]
[WhiteElo "1808"]
[BlackElo "2132"]
[EventDate "2010.06.11"]

1. d4 d5 2. c4 e6 3. Nc3 c5 4. cxd5 exd5 5. Nf3 Nc6 6. g3 Nf6 7. Bg2 Be7 8.
O-O O-O 9. Bg5 c4 10. Ne5 Be6 11. Qd2 Nd7 12. Bxe7 Nxe7 13. Rfd1 Nf6 14.
Rac1 Rc8 15. a4 a6 16. e4 Rc7 17. Qe2 Re8 18. exd5 Nexd5 19. Nxd5 Bxd5 20.
Bxd5 Qxd5 21. Rc3 b5 22. axb5 axb5 23. b3 Ne4 24. Re3 Ng5 25. h4 Ne6 26.
bxc4 bxc4 27. Nf3 f6 28. Re1 Rc6 29. Qc2 Rec8 30. Qe4 Qxe4 31. Rxe4 Nc7 32.
Rc1 Nd5 33. Nd2 c3 34. Nb3 Rb6 35. Nc5 Rb4 36. Nd3 Ra4 37. g4 Rcc4 38. Re8+
Kf7 39. Rb8 Rxd4 40. Rb7+ Kg6 41. Nc5 Rxg4+ 42. Kf1 Rxh4 43. Rc2 Nf4 44. f3
Ra1+ 45. Kf2 Rh2+ 46. Ke3 Nd5+ 47. Ke4 Rxc2 0-1

[Event "National Open"]
[Site "Las Vegas USA"]
[Date "2010.06.13"]
[Round "6"]
[White "Hughes,D"]
[Black "Simms,G"]
[Result "1-0"]
[WhiteElo "2080"]
[BlackElo "2141"]
[EventDate "2010.06.11"]

1. Nf3 Nf6 2. g3 d5 3. Bg2 Bf5 4. c4 c6 5. cxd5 cxd5 6. Qb3 Qc7 7. Nc3 e6
8. d3 a6 9. Bf4 Qc8 10. Na4 Nfd7 11. Rc1 Nc6 12. O-O b5 13. Nc3 Qb7 14.
Nxd5 Nc5 15. Nc7+ Qxc7 16. Rxc5 Qb6 17. Rxc6 Qxc6 18. Nd4 Qc8 19. Rc1 Qd8
20. Bc6+ Ke7 21. Nxf5+ exf5 22. Bxa8 Qxa8 23. Rc7+ 1-0

[Event "National Open"]
[Site "Las Vegas USA"]
[Date "2010.06.13"]
[Round "6"]
[White "Sinanan,J"]
[Black "Wallach,K"]
[Result "0-1"]
[WhiteElo "2258"]
[BlackElo "2166"]
[EventDate "2010.06.11"]

1. d4 Nf6 2. c4 e6 3. g3 Bb4+ 4. Bd2 Qe7 5. Bg2 Nc6 6. Nf3 Bxd2+ 7. Nbxd2
O-O 8. O-O d6 9. e4 e5 10. d5 Nb8 11. h3 a5 12. Ne1 c6 13. Nd3 Bd7 14. Qb3
b5 15. f4 exf4 16. gxf4 bxc4 17. Qxc4 cxd5 18. exd5 Qe3+ 19. Rf2 Rc8 20.
Qb3 Bf5 21. Ne5 Qd4 22. Nec4 a4 23. Qb6 Qd3 24. Nxd6 Nbd7 25. Qb5 Rc5 26.
Qxd3 Bxd3 27. Rf3 Ba6 28. Rc3 Rd8 29. Rac1 Rxc3 30. Rxc3 Kf8 31. Rc6 Nb8
32. Rb6 Nfd7 33. Rb4 Nc5 34. N6c4 Nbd7 35. Ne5 f6 36. Nc6 Re8 37. Rd4 Re1+
38. Kh2 Re2 39. Nb4 Bb7 40. Kg3 Ne6 41. dxe6 Rxg2+ 42. Kh4 Nc5 43. f5 g6
44. Nd5 Kg7 45. b4 Kh6 0-1

[Event "National Open"]
[Site "Las Vegas USA"]
[Date "2010.06.11"]
[Round "2"]
[White "Kacheishvili,G"]
[Black "Foisor,S"]
[Result "1-0"]
[WhiteElo "2587"]
[BlackElo "2302"]
[EventDate "2010.06.11"]

1. d4 d5 2. Nf3 Nf6 3. c4 c6 4. Nc3 a6 5. a4 a5 6. cxd5 cxd5 7. Bf4 e6 8.
e3 Bb4 9. Ne5 O-O 10. Bb5 Bd7 11. Nxd7 Nbxd7 12. Rc1 Rc8 13. O-O Nb6 14.
Na2 Bd6 15. Be5 Rxc1 16. Nxc1 Bxe5 17. dxe5 Nfd7 18. Qd4 Qe7 19. Nb3 Ra8
20. Rc1 Qd8 21. f4 f6 22. exf6 gxf6 23. h3 Kh8 24. Qc3 e5 25. Qc7 Qe7 26.
Bxd7 Nxd7 27. Qxb7 Rb8 28. Qxd5 exf4 29. exf4 Qe3+ 30. Kh1 Rxb3 31. Rc8+
Kg7 32. Qxd7+ Kh6 33. Qg4 Qf2 34. Rc6 Rb6 35. Qg5+ 1-0

[Event "National Open"]
[Site "Las Vegas USA"]
[Date "2010.06.11"]
[Round "2"]
[White "Panchanathan,M"]
[Black "Shibut,M"]
[Result "1-0"]
[WhiteElo "2549"]
[BlackElo "2246"]
[EventDate "2010.06.11"]

1. Nf3 Nf6 2. g3 g6 3. Bg2 Bg7 4. O-O O-O 5. d4 d6 6. a4 c5 7. a5 Na6 8.
Nc3 Rb8 9. e4 b5 10. e5 Ne8 11. exd6 Nxd6 12. dxc5 Nxc5 13. Be3 Bxc3 14.
bxc3 Qc7 15. Qd4 Ne6 16. Qe5 Rd8 17. Nd4 Nxd4 18. Bxd4 f6 19. Qd5+ Kg7 20.
a6 Bf5 21. Rfe1 Rd7 22. Qc5 Qxc5 23. Bxc5 Rc8 24. Bb4 Bxc2 25. Bd5 Bf5 26.
f4 Nf7 27. Bb7 Rcc7 28. Ba5 Rc4 29. Rad1 Rxd1 30. Rxd1 e5 31. Bb6 axb6 32.
Ra1 Bc8 33. Bd5 Bxa6 34. Bxc4 bxc4 35. Rxa6 exf4 36. gxf4 Nd6 37. Rxb6 Ne4
38. Rc6 Nxc3 39. Rxc4 Nd5 40. Rd4 Ne7 41. Rd7 Kf7 42. Kf2 Ke6 43. Rb7 h5
44. Kf3 Nf5 45. Rb6+ Kf7 46. Ke4 Ne7 47. Kd4 Nf5+ 48. Ke4 Ne7 49. Ra6 Nf5
50. Kd5 Ne7+ 51. Kd6 Nf5+ 52. Kc5 Ne7 53. Ra1 g5 54. fxg5 fxg5 55. Kd6 Kf6
56. Rf1+ Nf5+ 57. Kd5 Kg6 58. Ke6 Ng7+ 59. Ke5 g4 60. Rf6+ Kg5 61. Rf8 Kg6
62. Rg8 Kf7 63. Ra8 Kg6 64. Rf8 h4 65. Ra8 g3 66. h3 Nf5 67. Ke4 Nh6 68.
Kf4 Kh5 69. Ra6 Nf7 70. Ra5+ Kg6 71. Kg4 g2 72. Ra1 Ne5+ 73. Kf4 Kf6 74.
Rg1 Ng6+ 75. Kf3 Kf5 76. Kxg2 Nf4+ 77. Kh2 Ng6 78. Rg4 Kf6 79. Kg2 Kg7 80.
Kf2 Kh6 81. Ke3 Kh5 82. Ke4 Nf8 83. Kf5 Nh7 84. Rg7 Kh6 85. Rg8 Kh5 86. Rh8
Kh6 87. Kg4 Kg6 88. Kxh4 Nf6 89. Ra8 Kh6 90. Kg3 Kg5 91. Ra5+ Kh6 92. Kf4
Kg6 93. Ra6 Kg7 94. Kg5 Ng8 95. Ra7+ Kh8 96. h4 1-0